| 000 | 00513nam a22001937a 4500 | ||
|---|---|---|---|
| 001 | 00028579 | ||
| 005 | 20260318104906.0 | ||
| 008 | 260318b ag ||||| |||| 00| 0 spa d | ||
| 040 |
_aAR-CcCEOS _bspa _cAR-CcCEOS |
||
| 041 | _aspa | ||
| 080 | _a840-3 | ||
| 090 | _bTRO | ||
| 100 | 1 |
_aTroyat, Henri, _d1911-2007 _9909 |
|
| 245 |
_aEl prisionero Nº1 / _cHenri Troyat |
||
| 264 |
_aBuenos Aires : _bEmecé, _cc1980. |
||
| 300 |
_a266 p. ; _c24x15 cm. |
||
| 655 | 0 |
_aliteratura _919 _vnovela |
|
| 942 |
_2udc _cBK _n0 |
||
| 999 |
_c28609 _d28609 |
||